00641 2200193 4500001002100000005001500021007000300036008004100039020002200080035002000102082002200122084002800144100001800172245009800190260004200288300004500330650003400375650003800409INLIS00000000000109220241028094231ta241028 g 0 ind  a978-979-582-215-8 a0010-1024000062 a636.084:631.151.6 a636.084:631.151.6 ISM r0 aIsmeth Inounu1 aRiset pengembangan inovatif kolaboratif: Upaya peningkatan kemandirian pakan /cIsmeth Inounu aBogor :bKementerian Pertanian,c2022 avii, 1914 hlm. :bilus, ;c15 cm x 21 cm 4akeningkatan kemandirian pakan 4apengembangan inovatif kolaboratif